00469 2200169 4500001002100000005001500021035002000036007000300056008004100059020002200100082001000122084001600132100001600148245004400164260004000208300005100248INLIS00000000000120920221219100349 a0010-1222000395ta221219 b 1 ind  a978-602-252-833-3 a741.5 a741.5 WAT k0 aWatiek Ideo1 aKetika Kami Harus Pindah /cWatiek Ideo aJakarta :bErlangga for Kids,c2017 a26 Halaman :bilustrasi berwarna ;c20 x 20 cm